| 000 | 00523nam a2200157Ia 4500 | ||
|---|---|---|---|
| 008 | 100204s9999 xx 000 0 und d | ||
| 082 | _b24100 | ||
| 100 | _aफतेहअली लईक | ||
| 245 | _aअशी आपली पृथ्वी | ||
| 260 |
_bनॅशनल बुक ट्रस्ट _c1996 |
||
| 300 | _a63 | ||
| 630 | _aअशी आपली पृथ्वी | ||
| 700 | _aभालेराव सुधाकर | ||
| 730 | _aअशी आपली पृथ्वी | ||
| 942 | _cBOOK | ||
| 999 |
_c469280 _d469277 |
||